| 000 | 00494 a2200157 4500 | ||
|---|---|---|---|
| 003 | NUST | ||
| 005 | 20230221183634.0 | ||
| 040 | _cNust | ||
| 082 | _a297.3,MUB | ||
| 100 |
_aMubaraq Puri, Ghazi Aziz _9109402 |
||
| 245 |
_aJinno aur Shettano ki Dunya : _bJadoo Ki Haqeeqat / جنوں اور شیطانوں کی دنیا جادو کی حقیقت / _cGhazi Aziz Mubark Puri |
||
| 260 |
_aLahore _bDarusslam |
||
| 300 | _a395:p. | ||
| 650 |
_aIslam and Facts _9109403 |
||
| 942 |
_2ddc _cBK _k297.3,MUB |
||
| 999 |
_c187770 _d187770 |
||